000 00866nas a2200265 4500
001 BR8500699
003 BR-BrBNA
005 20231205090117.0
007 ta
008 230509b bl.|||p| |||| 00| 00por d
040 _aBR-BrBNA
_bpor
_cBiblioteca Nacional de Agricultura
041 _a(Pt)
072 _aH20
100 1 _aSousa, N.R.G.
100 1 _aRibeiro, A.S.
100 1 _aGalli, J.
245 1 _aVariabilidade do fungo Helminthosporium oryzae [arroz, Oryza sativa, mancha parda]
246 1 _aVariability of the fungus Helminthosporium oryzae [rice, Oryza sativa, brown spot]
650 _aARROZ
650 _aMANCHA PARDA
650 _aRACA FISIOLOGICA
773 0 _tPesquisa Agropecuaria Brasileira (Brazil)
_xISSN 0100-204X
_g(Nov 1984), v. 19(11) p. 1335-1343
_wBR8500699
909 _a202311
_bLúcia
_c55
_dLúcia Elande
942 _2AGRIS
_n0
_cANA
999 _c116216
_d116216